[Event "CHI-ch sf"]
[Site "Valparaiso"]
[Date "2015.01.27"]
[Round "2"]
[White "Aguirre Saavedra, Javiera"]
[Black "Acevedo, Juan"]
[Result "0-1"]
[WhiteElo "1697"]
[BlackElo "1880"]
[PlyCount "58"]
[EventDate "2015.01.26"]
[EventType "swiss"]
[EventRounds "7"]
[EventCountry "CHI"]
[SourceTitle "CBM 164 Extra"]
[Source "ChessBase"]
[SourceDate "2015.03.02"]
[SourceVersion "1"]
[SourceVersionDate "2015.03.02"]
[SourceQuality "1"]

1. c4 Nf6 2. Nc3 e6 3. g3 d5 4. cxd5 exd5 5. d4 c6 6. Bg2 Be7 7. Nf3 0-0 8. 0-0 Bf5 9. Bd2 Ne4 10. Rc1 Nd7 11. a3 Ndf6 12. Na4 Qc8 13. Nc5 Nxc5 14. dxc5 Ne4 15. b4 Bf6 16. Qb3 Bg4 17. Rfd1 Re8 18. a4 Qf5 19. Bf4 Re7 20. Re1 Rae8 21. Rc2 h5 22. Bf1 Bh3 23. Nd2 g5 24. Nxe4 Rxe4 25. Bd6 Bxf1 26. Kxf1 Bd4 27. e3 Rxe3 28. Rxe3 Rxe3 29. Qb1 Qe4 0-1